| 000 | 00582cam a22002171 4500 | ||
|---|---|---|---|
| 001 | ca 31000163 | ||
| 003 | DLC | ||
| 005 | 20260227111124.0 | ||
| 008 | 800814s1931 cau 000 1 eng | ||
| 010 | _aca 31000163 | ||
| 035 | _a(OCoLC)6619584 | ||
| 040 |
_aDLC _cCU-I _dDLC |
||
| 042 | _apremarc | ||
| 050 | 0 | 0 |
_aPS3503.U6255 _bR4 1931 |
| 082 | _a811/.5 | ||
| 100 | 1 |
_aBurnett, Sarah C., _d1866- |
|
| 245 | 1 | 0 |
_aReflections, _cby Sarah C. Burnett. |
| 260 |
_aOakland, Calif., _bPrinted by Harrington-McInnis Co., Inc., _c1931. |
||
| 300 |
_a29 p. _c16 cm. |
||
| 500 | _aPoems. | ||
| 999 |
_c16765 _d16765 |
||